Anime Series - Sudden Death - Statistics

General Stats
  • This quiz has been taken 11,994 times
    5,696 since last reset
  • The average score is 7 of 23
Answers on the Grid
Answers color-coded by a green-red scale on the quiz's grid according to % correct below.
Cowboy Bebop
Ponyo
Spirited Away
Howl's Moving Castle
Samurai Champloo
Akira
Trigun
Sailor Moon
A Whisker Away
Princess Mononoke
Black Clover
Mirai
One Piece
Porco Rosso
Beastars
Death Note
Kiki's Delivery Service
Paprika
Whisper of the Heart
Dorohedoro
Attack on Titan
Millennium Actress
Grave of the Fireflies
Berserk
Fist of the North Star
Monster
Code Geass
Perfect Blue
A Silent Voice
Inuyasha
Dragon Ball Z
Bleach
Only Yesterday
Redline
Vinland Saga
Suzume
Gintama
My Neighbor Totoro
Naruto
Chainsaw Man
Weathering with You
Lazarus
Tokyo Godfathers
Pom Poko
Death Parade
 
Answer Stats
Answer % Correct
Cowboy Bebop
61%
Death Note
40%
One Piece
40%
Attack on Titan
37%
Dragon Ball Z
37%
Sailor Moon
36%
Black Clover
35%
Naruto
35%
Chainsaw Man
34%
Bleach
33%
Berserk
30%
Vinland Saga
30%
Code Geass
28%
Gintama
25%
Beastars
24%
Monster
22%
Death Parade
21%
Samurai Champloo
21%
Inuyasha
20%
Trigun
18%
Dorohedoro
15%
Fist of the North Star
11%
Lazarus
8%
No matching quizzes found
Score Distribution
Percent of People with Each Score
Percentile by Number Answered
Your Score History
You have not taken this quiz since the last reset